| 000 | 00000nam 2200000zi 4500 |
| 001 | 9.935802 |
| 003 | CaOODSP |
| 005 | 20240405081203 |
| 006 | m o d f |
| 007 | cr mn||||||||| |
| 008 | 240322t20242024quca ob f000 0 eng d |
| 020 | |a9780660709499 |
| 040 | |aCaOODSP|beng|erda|cCaOODSP |
| 043 | |an-cn-on |
| 045 | |ay2y2 |
| 086 | 1 |aTU3-10/23-0096E-PDF |
| 110 | 2 |aTransportation Safety Board of Canada.|eauthor, |eissuing body. |
| 245 | 10|aIncorrect type of fuel, 2080061 Ontario Inc. (dba SkyCare Air Ambulance), Piper PA-31-350, C-GQXD, Pickle Lake Airport, Ontario, 14 October 2023. |
| 264 | 1|aGatineau QC : |bTransportation Safety Board of Canada = Bureau de la sécurité des transports du Canada, |c2024. |
| 264 | 4|c©2024 |
| 300 | |a1 online resource (10 pages) : |bcolour illustrations. |
| 336 | |atext|btxt|2rdacontent |
| 337 | |acomputer|bc|2rdamedia |
| 338 | |aonline resource|bcr|2rdacarrier |
| 490 | 1 |aAir transportation safety investigation report ; |vA23C0096 |
| 500 | |aIssued also in French under title: Mauvais type de carburant, 2080061 Ontario Inc. (s/n SkyCare Air Ambulance), Piper PA-31-350, C-GQXD, aéroport de Pickle Lake (Ontario), 14 octobre 2023. |
| 500 | |a"[R]eleased 28 March 2024"--Page 10. |
| 504 | |aIncludes bibliographical references. |
| 650 | 0|aAircraft accidents|xInvestigation|zOntario. |
| 775 | 08|tMauvais type de carburant, 2080061 Ontario Inc. (s/n SkyCare Air Ambulance), Piper PA-31-350, C-GQXD, aéroport de Pickle Lake (Ontario), 14 octobre 2023.|w(CaOODSP)9.935804 |
| 830 | #0|aAir transportation safety investigation brief ;|vA23C0096.|w(CaOODSP)9.845270 |
| 856 | 40|qPDF|s992 KB|uhttps://publications.gc.ca/collections/collection_2024/bst-tsb/TU3-10-23-0096-eng.pdf |
| 856 | 4 |qHTML|sN/A|uhttps://www.tsb.gc.ca/eng/rapports-reports/aviation/2023/a23c0096/a23c0096.html |